Slovenská republika pod priemerom

Výročná správa OECD "Pohľady na vzdelávanie -ukazovatele 2002" a jej výsledky hodnotenia efektívnosti a kvality vzdelávacích systémov v členských krajinách. Výdavky na žiakov a študentov. Priemerná dĺžka vzdelávania v krajinách OECD. Niekoľko štatistických údajov. Príjem a pracovná doba učiteľov. Ro...

Descrizione completa

Salvato in:
Dettagli Bibliografici
Autore principale: Polakovič, Ivan
Natura: Capitolo di libro
Lingua:slovacco
Soggetti:
Tags: Aggiungi Tag
Nessun Tag, puoi essere il primo ad aggiungerne!!

MARC

LEADER 00000naa$a2200000$$$4500
001 0003907
005 20230926070341.2
041 0 |a slo 
044 |a SK 
245 1 0 |a Slovenská republika pod priemerom  |c aut. Ivan Polakovič 
520 |a Výročná správa OECD "Pohľady na vzdelávanie -ukazovatele 2002" a jej výsledky hodnotenia efektívnosti a kvality vzdelávacích systémov v členských krajinách. Výdavky na žiakov a študentov. Priemerná dĺžka vzdelávania v krajinách OECD. Niekoľko štatistických údajov. Príjem a pracovná doba učiteľov. Rozdiely medzi pohlaviami u dospelej populácie v rámci podielu stredoškolsky vzdelaných. 
610 2 0 |a vzdelávanie 
610 2 0 |a vzdelávanie ďalšie 
610 2 0 |a štatistika 
610 2 0 |a správy výročné 
610 2 0 |a výdavky 
610 2 0 |a učitelia 
610 2 0 |a Slovensko 
610 2 0 |a mzdy 
610 2 0 |a efektívnosť vzdelávania 
610 2 0 |a OECD 
100 1 |a Polakovič, Ivan